02213nam a2200325 4500001000400000003000400004005001700008008004100025040000800066041001300074082001400087100003500101240003100136245005200167260003500219300001100254490004300265500006100308520118000369650002801549650002001577650002301597650001801620655002601638655001601664830004701680942001501727952013201742999001301874316OSt20250326090921.0250325b |||||||| |||| 00| 0 eng d bpor hgerapor a142bK16c aKant, Immanueld1724 - 180493 aKRITIK DER REINEN VERNUNFT aCrítica da razão pura / cKant, Immanuel ;  aEspírito SantobFormarc1978 a172 p.1 aGrandes Mestres do PensamentovLivro 5 aVolume 5 da Coleção "Grande Mestres do Pensamentos". a O livro busca investigar os limites e as possibilidades do conhecimento humano, estabelecendo as bases do idealismo transcendental. Kant distingue dois tipos de conhecimento: A priori (independente da experiência) A posteriori (derivado da experiência) Ele argumenta que nossa mente estrutura a experiência por meio de formas puras da intuição sensível (espaço e tempo) e das categorias do entendimento (como causalidade e substância). Assim, nosso conhecimento é condicionado por esses elementos, tornando impossível conhecer a "coisa em si" (noumeno), apenas os fenômenos, que são a realidade conforme aparece para nós. A obra critica tanto o racionalismo (que confia na razão pura para conhecer a realidade) quanto o empirismo (que sustenta que todo conhecimento vem da experiência). Kant busca uma síntese entre esses extremos, mostrando que a razão tem limites e não pode, por si só, provar a existência de Deus, da alma ou da liberdade. O impacto da Crítica da Razão Pura foi enorme, influenciando toda a filosofia posterior, especialmente o idealismo alemão, e estabelecendo os fundamentos da epistemologia moderna. 0aLiteratura Alemã9365 0aEmpirismo 9632 0aRacionalismo 9631 0aFilosofia 94 0aNão Ficção9102 0aEnsaio9417 aGrandes Mestres do Pensamentovvol. 59596 2ddcn0cBK 00102ddc40708NFICaBIBIBbBIBIBcPFd2025-03-25edoaçãol0o142 / K16cp2025-17269r2025-03-25 10:06:02w2025-03-25yBK c316d316